SOZIALÖKONOMISCHE VERHÄLTNISSE IN DER POLGÁR-KULTUR AUFGRUND DER GRÄBERFELDANALYSE

Bibliographic Details
Main Author: Nevizánsky, Gabriel, 1949- (Author)
Other Authors: Nieburová, Berta, 1919-2006 (Translator), Porubskogo, P. (Translator)
Format: Article
Language:German

MARC

LEADER 00000nab a2200000 a 4500
001 vtls011130648
003 SK-MaSNL
005 20260303150833.0
008 230222|1984 xo |||||||||||||||||ger|
015 |a SNBRB 
035 |a (uuid)b2092f10-b281-46b3-900c-4db0b02c5b7f 
035 |a (urnnbn)urn:nbn:sk:snk:ar-a09khs 
035 |a urn:nbn:sk:snk-aba8fb 
040 |a SNKBUCL  |b slo  |c SNKBUCL  |e AACR2 
041 0 |a ger 
044 |a xo  |c SK 
100 1 |a Nevizánsky, Gabriel,  |d 1949-  |4 aut  |9 102642 
245 1 0 |a SOZIALÖKONOMISCHE VERHÄLTNISSE IN DER POLGÁR-KULTUR AUFGRUND DER GRÄBERFELDANALYSE  |c Gabriel Nevizánsky, B. Nieburová, P. Porubskogo 
700 1 |a Nieburová, Berta,  |d 1919-2006  |4 trl  |9 112145 
700 1 |a Porubskogo, P.  |4 trl  |9 1169926 
773 0 |t Slovenská archeológia  |g Roč. 32, č. 2 (1984), s. 263-310 
958 |a OND 
958 |a EUIPO 
958 |a article13 
999 |c 2013839  |d 2015769